| 000 | nam a22 a 4500 | ||
|---|---|---|---|
| 999 |
_c346396 _d346396 |
||
| 003 | BLK | ||
| 005 | 20220219112602.0 | ||
| 008 | 191112b bu ||||| |||| 00| 0 bu d | ||
| 020 | _a9789540138084 | ||
| 040 | _aBLK | ||
| 041 |
_aBUL _cBUL |
||
| 080 |
_aСредновековна и нова обща история _b94 _x(497)(093.2) _z94(497)(093.2) |
||
| 080 |
_aСредновековна и нова обща история _b94 _x(497.2)"1912/1913"(093.2) _z94(497.2)"1912/1913"(093.2) |
||
| 139 | _aВеликите сили, България и Балканската война в секретните документи на британската дипломация 1910-1913 г | ||
| 245 |
_aВеликите сили, България и Балканската война в секретните документи на британската дипломация 1910-1913 г _cподб., състав., прев. от англ. ез. Филип С. Филипов |
||
| 260 |
_9209435 _aСофия _bПросвета _c2018 _fКостинброд : Мултипринт |
||
| 300 |
_a704 с. _bс портр. _c24 см |
||
| 380 | _a9 | ||
| 650 | 0 |
_9242247 _aВеликобритания - външна политика - история |
|
| 942 |
_cKNG _n0 _s1 _01 |
||
| 944 |
_aCR _c2019-11-12 _kВ. Р. |
||
| 999 | _d346396 | ||
| 999 | _d346396 | ||
| 999 | _d346396 | ||
| 999 | _d346396 | ||
| 999 | _d346396 | ||